QUEST Central Library Banner

Information transmission, modulation, and noise / (Record no. 12965)

MARC details
000 -LEADER
fixed length control field 00661nam a2200145 a 4500
100 1# - MAIN ENTRY--AUTHOR NAME
Personal name Schwartz, Mischa.
245 10 - TITLE STATEMENT
Title Information transmission, modulation, and noise /
260 ## - PUBLICATION, DISTRIBUTION, ETC. (IMPRINT)
Place of publication [S.l.] :
Name of publisher McGraw Hill,
Year of publication 1959.
300 ## - PHYSICAL DESCRIPTION
Number of Pages 461 p. ;
520 ## - SUMMARY, ETC.
Summary, etc Very Good to Like New condition. Name written inside along with name stamped on exterior pages. Dust jacket is missing. Boards are in Like New condition. Text is perfect. Same day shipping.
856 40 - ELECTRONIC LOCATION AND ACCESS
Uniform Resource Identifier http://www.amazon.com/exec/obidos/ASIN/B007KAC9FC/chopaconline-20
Holdings
Withdrawn status Lost status Home library Current library Date acquired Cost, normal purchase price Full call number Accession Number Koha item type
    Book Bank Section Book Bank Section 12/02/2020 87.00 SCH B1374 Books

Copyright © 2018,The QUEST, Nawabshah, Shaheed Benazirabad. All rights reserved
Mr. G. Farooq Channar (Librarian) QUEST, Nawabshah, Sindh, Pakistan 67480.
 Ph#: |   0244-9370381-4 Ext. 2308   Email| lib@quest.edu.pk   Web|  http://www.quest.edu.pk